Arbeitsmarktperspektiven Ostdeutschlands bis zum Jahr 2010 (Record no. 5655)
[ view plain ]
| 000 -LEADER | |
|---|---|
| fixed length control field | 00505nam a22001937i 4500 |
| 001 - CONTROL NUMBER | |
| control field | 5957 |
| 003 - CONTROL NUMBER IDENTIFIER | |
| control field | OSt |
| 005 - DATE AND TIME OF LATEST TRANSACTION | |
| control field | 20181119124231.0 |
| 007 - PHYSICAL DESCRIPTION FIXED FIELD--GENERAL INFORMATION | |
| fixed length control field | tu |
| 008 - FIXED-LENGTH DATA ELEMENTS--GENERAL INFORMATION | |
| fixed length control field | 161220s1994 xxu||||| |||| 00| 0 d |
| 024 7# - OTHER STANDARD IDENTIFIER | |
| Standard number or code | 5957 |
| Source of number or code | RID |
| 024 7# - OTHER STANDARD IDENTIFIER | |
| Standard number or code | 5957 |
| Source of number or code | RSN (alt) |
| 040 ## - CATALOGING SOURCE | |
| Transcribing agency | OSt |
| 100 1# - MAIN ENTRY--PERSONAL NAME | |
| Personal name | Schneider, Hilmar |
| 245 00 - TITLE STATEMENT | |
| Title | Arbeitsmarktperspektiven Ostdeutschlands bis zum Jahr 2010 |
| 260 ## - PUBLICATION, DISTRIBUTION, ETC. | |
| Place of publication, distribution, etc. | Halle : |
| Name of publisher, distributor, etc. | Institut für Wirtschaftsforschung Halle IWH, |
| Date of publication, distribution, etc. | 1994. |
| 490 ## - SERIES STATEMENT | |
| Series statement | IWH Forschungsreihe |
| Volume/sequential designation | 5 |
| 942 ## - ADDED ENTRY ELEMENTS (KOHA) | |
| Koha item type | Paper |
| Withdrawn status | Lost status | Damaged status | Not for loan | Home library | Current library | Shelving location | Date acquired | Inventory number | Total Checkouts | Barcode | Date last seen | Price effective from | Koha item type |
|---|---|---|---|---|---|---|---|---|---|---|---|---|---|
| WIIW | WIIW | Library | 08/04/2004 | 5957 | 10001405 | 01/26/2017 | 01/26/2017 | Paper |
